Η σοσιαλιστική σκέψη στην Ελλάδα : από το 1875 ως το 1974
Αποθηκεύτηκε σε:
| Άλλοι συγγραφείς: | |
|---|---|
| Μορφή: | Βιβλίο |
| Γλώσσα: | Greek |
| Δημοσίευση: |
Αθήνα :
Γνώση,
1990-1995.
|
| Σειρά: | Φιλοσοφική και πολιτική βιβλιοθήκη
|
| Θέματα: | |
| Ετικέτες: |
Προσθήκη ετικέτας
Δεν υπάρχουν, Καταχωρήστε ετικέτα πρώτοι!
|
MARC
| LEADER | 00000cam a2200000 i 4500 | ||
|---|---|---|---|
| 001 | 1/123113 | ||
| 008 | 960909m19901995gr | ||| |||| ||gre|| | ||
| 020 | |a 9602353953 |q (set) | ||
| 020 | |a 9602353961 |q (τ. 1) | ||
| 020 | |a 960235397X |q (τ. 2α) | ||
| 020 | |a 960235481X |q (τ. 2β) | ||
| 020 | |a 960235481X |q (τ. 3) | ||
| 020 | |a 9602353996 |q (τ. 4) | ||
| 035 | |l 10015438 | ||
| 035 | |a 1992 |b 1 |c Χιωτάκης |l 10034515 | ||
| 035 | |l 10026748 | ||
| 035 | |l 10092479 | ||
| 035 | |l 10080306 | ||
| 035 | |l 10080758 | ||
| 035 | |l 10080312 | ||
| 035 | |l 10080309 | ||
| 035 | |l 10015435 | ||
| 040 | |a GR-MyUa |b gre |e AACR2 | ||
| 041 | 0 | |a gre | |
| 082 | 7 | |a 320.53109495 |2 (22) | |
| 245 | 0 | 2 | |a Η σοσιαλιστική σκέψη στην Ελλάδα : |b από το 1875 ως το 1974 / |c εισαγωγή, επιλογή κειμένων, υπομνηματισμός Παναγιώτης Νούτσος. |
| 260 | |a Αθήνα : |b Γνώση, |c 1990-1995. | ||
| 300 | |a 4 τ. σε 5 ; |c 21 εκ. | ||
| 490 | 1 | |a (Φιλοσοφική και πολιτική βιβλιοθήκη ; |v 34-38) | |
| 500 | |a Το Παράρτημα Χίου διαθέτει την 2η ανατύπωση του 1999. | ||
| 504 | |a Περιλαμβάνει βιβλιογραφικές παραπομπές και ευρετήριο. | ||
| 505 | 8 | |a Τ. 1. Οι σοσιαλιστές διανοούμενοι και η πολιτική λειτουργία της πρώιμης κοινωνικής κριτικής (1875-1907) -- τ. 2. μέρ. Α' Ιδέες και κινήσεις για την οικονομική και πολιτική οργάνωση της εργατικής τάξης (1907-1925) : από το κοινωνικόν μας ζήτημα στην ιδρυτική γενιά του ΣΕΚΕ -- τ. 2., μέρ. Β' Ιδέες και κινήσεις για την οικονομική και πολιτική οργάνωση της εργατικής τάξης (1907-1925) : από το ΣΕΚΕ στο ΚΚΕ -- τ. 3. Η εδραίωση του μαρξισμού-λενινισμού και οι αποκλίνουσες ή οι ετερογενεις επεξεργασίες (1926-1955) -- τ. 4. Τα ρήγματα της τριτοδιεθνιστικής "ορθοδοξίας" και οι νεωτερικές συλλήψεις της σοσιαλιστικής θεωρίας (1956-1974). | |
| 650 | 0 | |a Socialism |z Greece |x History |x Sources. | |
| 650 | 0 | |a Communism |z Greece |x History |x Sources. | |
| 700 | 1 | |a Νούτσος, Παναγιώτης Χρ., |d 1948- |e edt | |
| 830 | 0 | |a Φιλοσοφική και πολιτική βιβλιοθήκη | |
| 852 | |a INST |b CHIOS |e 20210601 |h 320.53109495 ΣΟΣ |p 005200009994 |q 005200009994 |t BK |v τομ.2;μερ.Α: |y 0 | ||
| 852 | |a INST |b CHIOS |e 20210601 |h 320.53109495 ΣΟΣ |p 005200009995 |q 005200009995 |t BK |v τομ.2;μερ.Β: |y 0 | ||
| 852 | |a INST |b LESVOS |e 20210601 |h 320.53109495 ΣΟΣ |p 005100000150 |q 005100000150 |t BK |v τομ.1: |y 0 | ||
| 852 | |a INST |b LESVOS |e 20210601 |h 320.53109495 ΣΟΣ |p 005100000151 |q 005100000151 |t BK |v τομ.2;μερ.Α: |y 0 | ||
| 852 | |a INST |b LESVOS |e 20210601 |h 320.53109495 ΣΟΣ |p 005100000211 |q 005100000211 |t BK |v τομ.1: |y 0 | ||
| 852 | |a INST |b LESVOS |e 20210601 |h 320.53109495 ΣΟΣ |p 005100032599 |q 005100032599 |t BK |v τομ.1: |y 0 | ||
| 852 | |a INST |b LESVOS |e 20210601 |h 320.53109495 ΣΟΣ |p 005100032600 |q 005100032600 |t BK |v τομ.3: |y 0 | ||
| 852 | |a INST |b LESVOS |e 20210601 |h 320.53109495 ΣΟΣ |p 005100032601 |q 005100032601 |t BK |v τομ.4: |y 0 | ||
| 852 | |a INST |b LESVOS |e 20210601 |h 320.53109495 ΣΟΣ |p 005100032786 |q 005100032786 |t BK |v τομ.2;μερ.Β: |y 0 | ||
| 852 | |a INST |b RHODES |e 20210601 |h 320.53109495 ΣΟΣ |p 005400008373 |q 005400008373 |t BK |v τομ.2;μερ.Α: |y 0 | ||
| 852 | |a INST |b SYROS |e 20210601 |h 320.53109495 ΣΟΣ |p 005500014221 |q 005500014221 |t BK |v τομ.2;μερ.Α: |y 0 | ||
| 852 | |a INST |b SYROS |e 20210601 |h 320.53109495 ΣΟΣ |p 005500014306 |q 005500014306 |t BK |v τομ.2;μερ.Β: |y 0 | ||
| 852 | |a INST |b SYROS |e 20210601 |h 320.53109495 ΣΟΣ |p 005500014307 |q 005500014307 |t BK |v τομ.1: |y 0 | ||
| 853 | |a INST |b CHIOS |h 320.53109495 ΣΟΣ | ||
| 853 | |a INST |b LESVOS |h 320.53109495 ΣΟΣ | ||
| 853 | |a INST |b RHODES |h 320.53109495 ΣΟΣ | ||
| 853 | |a INST |b SYROS |h 320.53109495 ΣΟΣ | ||
| 901 | |a BIBL-1998-1 | ||
| 901 | |a BIBL2-1998-1 | ||
| 901 | |a BIBL1-2005-3 | ||
| 901 | |a BIBL1-2005-3 | ||
| 901 | |a BIBL1-2005-3 | ||
| 901 | |a BIBL1-2005-3 | ||
| 920 | |a ΔΙΕΥΡΥΝΣΗ |b ΕΠΕΑΕΚ-ΤΚ |y Λέσβος |z 2004-10 | ||
| 920 | |a ΔΙΕΥΡΥΝΣΗ |b ΕΠΕΑΕΚ-ΤΚ |y Λέσβος |z 2004-10 | ||
| 920 | |a ΔΙΕΥΡΥΝΣΗ |b ΕΠΕΑΕΚ-ΤΚ |y ΛΕΣΒΟΣ |z 2004-10 | ||
| 920 | |a ΔΙΕΥΡΥΝΣΗ |b ΕΠΕΑΕΚ-ΤΚ |y ΛΕΣΒΟΣ |z 2004-10 | ||
| 922 | |a 2ΕΛΗ |b 199712 |c ΣΤΟΓΙΑΝΝΙΔΟΥ |d EMVASIS | ||
| 922 | |a 2ΕΛΗ |b 199712 |c ΣΤΟΓΙΑΝΝΙΔΟΥ |d EMVASIS | ||
| 970 | |z 1996/05 | ||
| 970 | |a ΚΑΡΑ |b ΓΙΑΣΕΜΗ |z 2005/09/19 | ||